Introdução à teoria das probabilidades para matemáticos /

Guardado en:
Autor Principal: Rabson, Gustave.
Formato: Libro
Idioma:Portuguese
Publicado: Rio de Janeiro : Instituto de Matemática Pura e Aplicada, Conselho Nacional de Pesquisas, 1968.
Series:Notas de matemática ; no. 40
Etiquetas: Agregar Etiqueta
Sin Etiquetas, Sea el primero en etiquetar este registro!
LEADER 00548nam a22001455a 4500
001 MAT.inmabb001799
008 031218s1968####bl#a##########000#0#por#d
005 20151117174800.0
245 1 0 |a Introdução à teoria das probabilidades para matemáticos /  |c por G. Rabson. 
260 |a Rio de Janeiro :  |b Instituto de Matemática Pura e Aplicada, Conselho Nacional de Pesquisas,  |c 1968. 
300 |a i, 46 p. :  |b il. ;  |c 26 cm. 
440 0 |a Notas de matemática ;  |v no. 40 
100 1 |a Rabson, Gustave. 
084 |a 60  |2 msc2000 
859 |h 60  |i R116-2  |p A-3234  |b BIB. MATEMATICA